00485 a2200157 4500010001400000020002300014035001300037037001800050082001300068100001700081245008500098260005000183270004400233300003000277500002000307 aENG-86059 a0070620938c295.00 aEN-69592 bD.B.Act / Pub14a658.40121 aPatel, V. G.1 aWhen the going gets tough strategic responses to business crises /cby V.G.Patel aNew DelhibTata Mc-Graw Hill Publishingc2007 a7, West Patel NagarbNew Delhie110 008 axv, 156 p.c23 cm. (Pbk.) aIncludes index